Service development at a european technical job board How to successfully introduce internships on Qreer’s website?

Bibliográfiai részletek
Szerző: Bui Gábor Quang
További közreműködők: Szabó Dr. habil Zoltán
Dokumentumtípus: Diplomadolgozat
Kulcsszavak:Szolgáltatás
Fejlesztéspolitika
Németország
Hollandia
Mélyinterjú
Munkaerő-piac
Online Access:http://dolgozattar.uni-bge.hu/7521

MARC

LEADER 00000nta a2200000 i 4500
001 dolg7521
005 20170329102027.0
008 160606suuuu hu om 000 eng d
040 |a BGE Dolgozattár Repozitórium  |b hun 
041 |a en 
100 1 |a Bui Gábor Quang 
245 1 0 |a Service development at a european technical job board  |b How to successfully introduce internships on Qreer’s website?   |c Bui Gábor Quang  |h [elektronikus dokumentum] 
246 1 1 |a Szolgáltatás fejlesztés egy európai technikai munkaközvetítő cégnél: hogyan vezessük be sikeresen a gyakorlati munkákat Qreer honlapján? 
246 1 1 |a Service development at a european technical job board: How to successfully introduce internships on Qreer’s website? 
695 |a Szolgáltatás 
695 |a Fejlesztéspolitika 
695 |a Németország 
695 |a Hollandia 
695 |a Mélyinterjú 
695 |a Munkaerő-piac 
700 1 |a Szabó Dr. habil Zoltán  |e ths 
856 4 0 |u http://dolgozattar.uni-bge.hu/7521/1/G%C3%A1bor%20Bui%20-%20Graduation%20Thesis%20Opp%201.pdf  |z Dokumentum-elérés